Statistics for All President's Trophy Winners

Click here to take the quiz!

General Stats

  • This quiz has been taken 11 times
    (3 since last reset)
  • The average score is 13 of 33

Answer Stats

YearAnswer% Correct
2013Chicago Blackhawks
100%
2018Nashville Predators
100%
2011Vancouver Canucks
100%
2017Washington Capitals
100%
2016Washington Capitals
100%
2014Boston Bruins
67%
2007Buffalo Sabres
67%
2008Detroit Red Wings
67%
2015New York Rangers
67%
2000St. Louis Blues
67%
2012Vancouver Canucks
67%
2010Washington Capitals
67%
2001Colorado Avalanche
33%
1997Colorado Avalanche
33%
1998Dallas Stars
33%
1999Dallas Stars
33%
1996Detroit Red Wings
33%
2002Detroit Red Wings
33%
2006Detroit Red Wings
33%
2003Ottawa Senators
33%
2009San Jose Sharks
33%
1990Boston Bruins
0%
1989Calgary Flames
0%
1988Calgary Flames
0%
1991Chicago Blackhawks
0%
2004Detroit Red Wings
0%
1995Detroit Red Wings
0%
1987Edmonton Oilers
0%
1986Edmonton Oilers
0%
2005Lockout
0%
1994New York Rangers
0%
1992New York Rangers
0%
1993Pittsburgh Penguins
0%

Score Distribution

Percentile by Number Answered

Percent of People with Each Score

Your Score History

You have not taken this quiz since the last reset